000 00606nam a2200193 a 4500
001 000032727
005 20200930065810.0
008 100222s1927 dr 001 0 spa d
040 _aDO-SdBNP
_bspa
_cBNPHU
082 _axxxx
_bR426l
110 1 _aRepública Dominicana
_9447
240 1 3 _a[Leyes etc.]
245 1 0 _aLey No. 670 sobre colonización.
250 _aed. oficial
260 _aSanto Domingo :
_bImprenta de J. R. Vda García, Sucerores,
_c1927.
300 _a16 p. : ;
_c26 cm.
710 1 _aRepública Dominicana.
_bSecretaría Estado de Agricultura e Inmigración
_958580
049 _aBNPD
999 _c32218
_d32218